000 00998nam a2200253Ia 4500
003 OSt
005 20221005111436.0
006 a|||||r|||| 00| 0
007 ta
008 221004b |||||||| |||| 00| 0 hin d
020 _a9789350002889 (hbk)
_c300
024 _a106007
037 _b462, 17/03/2011, Vani Prakashan
_cTextual
040 _aCRL
_cCRL
_bhin
041 _2hin
_ahin
082 _aO152,3:g(Y15), Q0
100 _aके. एम. मालती
245 0 _aस्त्री विमर्श
_b भारतीय परिप्रेक्ष्य
246 _aStrī vimarsha: bhāratīya pariprekṣhya: hindī aur malayālam mahilā kathā lekhan ke visheṣh sandarbha mean
260 _aनई दिल्ली
_bवाणी प्रकाशन भारत
_c2010
300 _a161पृ0
_ccm.
942 _hO152,3:g(Y15), Q0
_cTEXL
_2cc
999 _c1021846
_d1021846